000 01448nam a22002297a 4500
003 JO-AjAnu
005 20260105105554.0
008 260105b jo ||||| |||| 00| 0 ara d
040 _aJO-AjAnu
_bara
_cJO-AjAnu
_dJO-AjAnu
041 _aara
_hara
050 _aDS154.53
_b.W37 2025
100 1 _aأبو الشعر، هند غسان
_949188
_eجمع وإعداد
245 0 0 _a الوثائق الهاشمية أوراق الملك عبدالله بن الحسين : تقارير الأوضاع في عهد الإمارة الى عصبة الأمم المتحدة (1927- 1941) المجلد الثامن والثلاثون /
_cجمع واعداد هند ابو الشعر ؛ إشراف محمد عدنان البخيت
250 _aالطبعة الأولى
260 _aعمان :
_bالجامعة الأردنية / مركز الوثائق والمخطوطات ودراسات بلاد الشام
_c2025
300 _a307 صفحة
490 _aسلسة الوثائق الهاشمية
504 _aيحتوي على الكشافات وملاحق وصور وثائق
650 0 0 _aإمارة شرق الأردن - الانتداب البريطاني في فلسطين- الأحوال الاجتماعية والاقتصادية - التقارير السنوية - عصبة الأمم - الوثائق الولية - تاريخ الأردن
_966926
700 1 _aالبخيت، محمد عدنان
_946662
_eمشرف
942 _2lcc
_cREF
_n0
999 _c34157
_d34157